|
|
|
|
| LEADER |
00000cam a2200000 a 4500 |
| 001 |
UCK1590 |
| 003 |
CL-VaPUC |
| 008 |
041119e19660000SP |||||||||||||||||spa|d |
| 082 |
0 |
4 |
|a 220.6
|b ERR
|2 21
|
| 100 |
0 |
|
|a Errandonea Alzuguren, Juan
|e author
|9 489493
|
| 245 |
1 |
0 |
|a Edén y paraíso: fondo cultural mesopotámico en el relato bíblico de la Creación
|
| 250 |
|
|
|a 1a. ed
|
| 300 |
|
|
|a 578 p
|
| 942 |
|
|
|c BK
|
| 945 |
|
|
|d 20041119 00:00:00
|a cmena
|
| 260 |
|
|
|a Madrid
|b Marova
|c 1966
|
| 600 |
0 |
7 |
|a BIBLIA
|2 CL-VaPUC
|9 399806
|
| 650 |
|
0 |
|a Textos sagrados
|9 257605
|
| 650 |
|
0 |
|a Interpretación literaria
|9 415895
|
| 583 |
|
|
|a last modification
|c 20160725 09:22:59
|k Rodrigo Vera
|
| 999 |
|
|
|c 311496
|d 311494
|
| 952 |
|
|
|0 0
|1 2
|4 0
|6 220_600000000000000_ERR_1966
|7 0
|8 A
|9 380926
|a BIBTEO
|b BIBTEO
|d 2019-11-21
|i 212372K
|o 220.6 ERR 1966
|p 212372K
|r 2019-11-21
|w 2019-11-21
|x Descarte 2019
|y BK
|k ICR
|
| 952 |
|
|
|0 0
|1 0
|3 erd
|4 0
|6 220_600000000000000_ERR_1966
|7 0
|8 A
|9 380927
|a BIBTEO
|b BIBTEO
|e Familia Cárdenas Lailhacar
|i 5216044
|o 220.6 ERR 1966
|p 5216044
|r 2025-01-17
|w 2019-11-21
|y BK
|z Catalogado en:20160731
|k ICR
|